00628nam a2200145 a 450000100100000000500170001000800410002704000250006808200080009313000760010124001030017724501010028026000810038130000200046200003059820200930062411.0110524s1946 dr 000 0 spa d aDO-SdBNPbspacBNPHU axxx1 aRepública DominicanabSecretaría de Estado de Relaciones exteriores 0a[Tratados, convenciones y acuerdos vigentes en la República Dominicana el 1ro de julio de 1946.] 0aTratados, convenciones y acuerdos vigentes en la República Dominicana el 1ro de julio de 1946. aCiudad Trujillo, República Dominicana, :bLuis Sánchez Andújar,c1946. a62 p. ;c24 cm.